3000 solved problems in linear algebra (Record no. 63842)

000 -LEADER
fixed length control field 00512nam a22001937a 4500
003 - CONTROL NUMBER IDENTIFIER
control field NUST - PNEC
005 - DATE AND TIME OF LATEST TRANSACTION
control field 20170116180825.0
008 - FIXED-LENGTH DATA ELEMENTS--GENERAL INFORMATION
fixed length control field 150701b xxu||||| |||| 00| 0 eng d
020 ## - INTERNATIONAL STANDARD BOOK NUMBER
International Standard Book Number 0070380236
040 ## - CATALOGING SOURCE
Transcribing agency LIBRARY
082 ## - DEWEY DECIMAL CLASSIFICATION NUMBER
Classification number 512 LIP
100 ## - MAIN ENTRY--PERSONAL NAME
9 (RLIN) 4286
Personal name Lipschutz, Seymour
245 ## - TITLE STATEMENT
Title 3000 solved problems in linear algebra
Statement of responsibility, etc. Seymour Lipschutz
250 ## - EDITION STATEMENT
Edition statement 1st ed
260 ## - PUBLICATION, DISTRIBUTION, ETC.
Place of publication, distribution, etc. New York
Name of publisher, distributor, etc. McGraw-Hill Education;
Date of publication, distribution, etc. c1989.
300 ## - PHYSICAL DESCRIPTION
Extent 480 p. :
650 ## - SUBJECT ADDED ENTRY--TOPICAL TERM
9 (RLIN) 4287
Topical term or geographic name entry element Algebra
General subdivision ME
942 ## - ADDED ENTRY ELEMENTS (KOHA)
Source of classification or shelving scheme
Koha item type Book
Holdings
Withdrawn status Lost status Source of classification or shelving scheme Damaged status Not for loan Permanent Location Current Location Shelving location Date acquired Source of acquisition Cost, normal purchase price Total Checkouts Full call number Barcode Date last seen Cost, replacement price Price effective from Koha item type Date last checked out
          Pakistan Navy Engineering College (PNEC) Pakistan Navy Engineering College (PNEC)     Reprodneed photocopy / Library / Reference Grant 146.00   512 LIP PNECLIB-013804 07/01/2015 146.00   Book  
          Pakistan Navy Engineering College (PNEC) Pakistan Navy Engineering College (PNEC)         1 512 LIP PNECLIB-013112 10/26/2016     Book 10/14/2016
© 2023 Central Library, National University of Sciences and Technology. All Rights Reserved.